000
00266nam a2200109Ia 4500
008
190914s9999||||xx |||||||||||||| ||und||
100
_a
Peter Norton's
245
0
_a
Introduction to Computers
260
_a
New Delhi
_b
McGraw Hill
_c
1997
300
_a
368
942
_c
BK
999
_c
8648
_d
8648